|
|
|
|
| LEADER |
00000ngm a22000007a 4500 |
| 001 |
031057 |
| 003 |
UAHC_CL |
| 005 |
20170803123307.0 |
| 008 |
131202s1979 it 130 e vleng d |
| 040 |
|
|
|a UAHC_CL
|c UAHC_CL
|d UAHC_CL
|
| 245 |
1 |
0 |
|a Caligula /
|c Tinto Brass.
|
| 260 |
|
|
|c 1979
|a Italia
|b DVD Video
|
| 300 |
|
|
|a 1 videodisco (156 min.)
|
| 520 |
|
|
|a Luego de asesinar a Tiberio, Calígula asume el trono del Imperio romano implantando una era de tiranía y despotismo. La cinta refleja las excentricidades y excesos que hacen de Calígula un hombre temido y odiado.
|
| 650 |
|
4 |
|a CINE
|
| 700 |
1 |
|
|a Brass, Tinto
|e comp.
|
| 900 |
|
|
|a DVD-764
|
| 942 |
|
|
|c VHS
|
| 952 |
|
|
|0 0
|1 0
|4 0
|6 DVD_764
|7 0
|8 Referencia
|9 60536
|a BC
|b BC
|c Referencia
|d 2017-08-03
|l 1
|m 1
|o DVD-764
|p 1411101
|r 2021-12-01 00:00:00
|s 2018-04-16
|t 1
|w 2017-08-03
|y DVD
|
| 999 |
|
|
|c 31057
|d 31057
|